Vplyv globalizačných procesov na obytnú krajinu

Vplyv globalizačných procesov na regionálny rozvoj Slovenska a Česka. Sociálne funkcie krajiny. Urbanizácia a obytná funkcia krajiny. Etapy urbanizácie. Súčasný stav českej a slovenskej krajiny.

Gespeichert in:
Bibliographische Detailangaben
1. Verfasser: Dvořáková-Líšková, Zuzana
Weitere Verfasser: Lapka, Miloslav
Format: Buchkapitel
Sprache:Slowakisch
Schlagworte:
Tags: Tag hinzufügen
Keine Tags, Fügen Sie das erste Tag hinzu!

MARC

LEADER 00000naa$a2200000$$$4500
001 0078751
005 20231128132556.8
041 0 |a slo 
044 |a SK 
245 1 0 |a Vplyv globalizačných procesov na obytnú krajinu  |c Zuzana Dvořáková-Líšková, Miloslav Lapka 
520 |a Vplyv globalizačných procesov na regionálny rozvoj Slovenska a Česka. Sociálne funkcie krajiny. Urbanizácia a obytná funkcia krajiny. Etapy urbanizácie. Súčasný stav českej a slovenskej krajiny. 
610 2 0 |a globalizácia 
610 2 0 |a prostredie krajinné 
610 2 0 |a usporiadanie krajiny 
610 2 0 |a urbanizácia 
610 2 0 |a osídlenie 
610 2 0 |a Slovensko 
610 2 0 |a Česko 
100 1 |a Dvořáková-Líšková, Zuzana 
700 1 |a Lapka, Miloslav